Datum a čas kvízu
27.5
Celkem bodů
Celkový počet nahraných bodů na tomto kvízu bez doplňovacích otázek.
6.
Pořadí na kvízu
Konečné umístění týmu na tomto kvízu.
Zaznamenané odpovědi
| # | Otázka | Odpověď | Body | Výsledky |
|---|---|---|---|---|
| 1. | Minulý týden připravili pracov... | D) šaliny | 0 | |
| 2. | Konverzační robot umělé inteli... | Adolfa Hitlera | 1 | |
| 3. | Po několika týdnech dohadování... | Rubicon | 0 | |
| 4. | Evropská unie definitivně schv... | Bulharsko | 0 | |
| 5. | Který český sportovec či sport... | Kateřina Siniaková, smíšená čtyřhra (mix) | 1 | |
| 6. | Tento snímek pochází z národní... | Žofínský prales | 0 | |
| 7. | Poblíž Františkových Lázní se... | Soos | 0 | |
| 8. | Tuto přírodní rezervaci najdem... | Prachovské skály | 1 | |
| 9. | Nyní se podíváme na nejhlubší... | Hranická | 1 | |
| 10. | Zde vidíme výhled z rozhledny... | Králický Sněžník | 0 |